000 00383nam a2200145Ia 4500
008 230917s9999||||xx |||||||||||||| ||und||
040 _e40251
_aMAIN
041 _aEnglish
082 _a813.09 T739A
100 _aTrivedi, Harish, ed.
245 0 _aAmerican political novel: Critical essays
260 _aNew Delhi
_bAllied Publishers
_c1984
300 _aviii, 220 p.
942 _cBK
999 _c53220
_d53220